|
|
|
|
| LEADER |
01050nam a2200253 a 4500 |
| 001 |
c000161875 |
| 003 |
CARM |
| 005 |
19880628000000.0 |
| 008 |
870713q19801987ii b 000 0 hin d |
| 019 |
1 |
|
|a 5309157
|5 LACONCORD2021
|
| 035 |
|
|
|a (OCoLC)219966686
|5 LACONCORD2021
|
| 040 |
|
|
|a VU
|b eng
|c VU
|d VU
|
| 082 |
0 |
4 |
|a 891.4317
|2 19
|
| 100 |
1 |
|
|a Varma, Maha Devi,
|d 1907-
|
| 240 |
1 |
0 |
|a Poems.
|k Selections.
|
| 245 |
1 |
0 |
|a Mahādevī Varmā :
|b samagra kavitāoṃ meṃ se cunī huī kavitāeṃ, kavi kī jīvanī evaṃ unake kāvya kā mūlyāṅkana /
|c sampādaka Gaṅgaprasāda Paṇḍeya.
|
| 260 |
|
|
|a [Dillī] :
|b Rājapāla,
|c [198-?]
|
| 300 |
|
|
|a 125, [1] p. ;
|c 19 cm.
|
| 440 |
|
0 |
|a Āja ke Lokapriya Hindī kavi ;
|v 12.
|
| 504 |
|
|
|a Bibliography: p. 124-[126]
|
| 700 |
1 |
|
|a Paṇḍeya, Gaṅgāprasāda.
|
| 852 |
8 |
|
|b CARM
|h A2:AG30H0
|i A02873
|p 0213560
|f BK
|
| 999 |
f |
f |
|i 5795601f-75f6-5805-b37e-f73a496697fc
|s b429721f-502c-5278-bc6f-941158049631
|
| 952 |
f |
f |
|p Can circulate
|a CAVAL
|b CAVAL
|c CAVAL
|d CARM 1 Store
|e A02873
|f A2:AG30H0
|h Other scheme
|i book
|m 0213560
|